Statistics for Руски цареви

Click here to take the quiz!

General Stats

  • This quiz has been taken 91 times
  • The average score is 16 of 28

Answer Stats

ВладавинаИме% Correct
1547-1584Иван IV Грозни
92%
1682-1696Иван V
92%
1740-1741Иван VI
92%
1762Петар III
90%
1727-1730Петар II
90%
1682-1721 | 1721-1725Петар I
90%
1825-1855Николај I
88%
1894-1917Николај II
88%
1725-1727Катарина I
85%
1762-1796Катарина II
85%
1881-1894Александар III
81%
1855-1881Александар II
81%
1801-1825Александар I
81%
1645-1676Алексеј I
47%
1676-1682Фјодор III
41%
1605Фјодор II
41%
1584-1598Фјодор I
41%
1796-1801Павле I
39%
1613-1645Михаил I
36%
1598-1605Борис Годунов
34%
1605-1606Лажни Димитрије
32%
1730-1740Ана I
27%
1741-1762Јелисавета I
25%
1606-1610Василије IV
20%
1610-1612Владислав IV
17%
1575-1576Симеон Бекбулатович
12%
1682-1689Софија Алексејевна
12%

Score Distribution

Percentile by Number Answered

Percent of People with Each Score

Your Score History

You have not taken this quiz